Economy of north east india (Record no. 9551)

MARC details
000 -LEADER
fixed length control field 00540cam a2200193ua 4500
008 - FIXED-LENGTH DATA ELEMENTS--GENERAL INFORMATION
fixed length control field 190319n ii |||gr||||Z||||||eng
020 ## - INTERNATIONAL STANDARD BOOK NUMBER
International Standard Book Number 9788182209404
040 ## - CATALOGING SOURCE
Transcribing agency MAIN
082 ## - DEWEY DECIMAL CLASSIFICATION NUMBER
Classification number 330.95416
100 ## - MAIN ENTRY--PERSONAL NAME
Personal name Neelkanth Gajanan Pendse,
Relator term
245 ## - TITLE STATEMENT
Title Economy of north east india
Remainder of title growth, challenges and government initiatives
250 ## - EDITION STATEMENT
Edition statement 1st ed.
260 ## - PUBLICATION, DISTRIBUTION, ETC.
Place of publication, distribution, etc. New Delhi:
Name of publisher, distributor, etc. Global vision publishing house,
Date of publication, distribution, etc. 2018.
300 ## - PHYSICAL DESCRIPTION
Extent 285p.
700 ## - ADDED ENTRY--PERSONAL NAME
Personal name Sukanta Sarkar,
Relator term
942 ## - ADDED ENTRY ELEMENTS (KOHA)
Koha item type Books
653 ## - INDEX TERM--UNCONTROLLED
Uncontrolled term Economics
Holdings
Withdrawn status Lost status Damaged status Not for loan Home library Current library Shelving location Date acquired Total Checkouts Full call number Barcode Date last seen Date last checked out Copy number Price effective from Koha item type
        Naharkatiya College Library Naharkatiya College Library General Stacks 19/09/2020 1 330.95416 | PEN 26521 28/08/2021 25/08/2021 1 19/09/2020 Books

Naharkatiya College © 2020. All rights reserved.

Powered By